000
00286nam a22001097a 4500
008
160510b xxu||||| |||| 00| 0 eng d
020
_a
0030059380
041
_a
eng
080
_a
543
245
_a
Analytical chemistry:
_c
Douglas A.Skoog; Donald M. West; F. James Holler;
942
_2
udc
_c
BK
999
_c
1942
_d
1942